LOS SISTEMAS DE SALUD EN LATINOAMERICA Y EL PAPEL DEL SEGURO PRIVADO (Registro nro. 58263)
[ vista simple ]
| 000 -LEADER | |
|---|---|
| fixed length control field | 01147nam a2200217 a 4500 |
| 001 - CONTROL NUMBER | |
| control field | 58263 |
| 005 - DATE AND TIME OF LATEST TRANSACTION | |
| control field | 20180714054813.0 |
| 008 - FIXED-LENGTH DATA ELEMENTS--GENERAL INFORMATION | |
| fixed length control field | 140415s2010 sp 000 0 spa d |
| 020 ## - INTERNATIONAL STANDARD BOOK NUMBER | |
| International Standard Book Number | 9788498442205 |
| 041 ## - LANGUAGE CODE | |
| Language code of text/sound track or separate title | spa |
| 082 ## - DEWEY DECIMAL CLASSIFICATION NUMBER | |
| Classification number | 368 |
| Item number | CUA |
| 100 1# - MAIN ENTRY--PERSONAL NAME | |
| Personal name | GIEDION, URSULA |
| 245 14 - TITLE STATEMENT | |
| Title | LOS SISTEMAS DE SALUD EN LATINOAMERICA Y EL PAPEL DEL SEGURO PRIVADO |
| 250 ## - EDITION STATEMENT | |
| Edition statement | 1a ed. |
| 260 ## - PUBLICATION, DISTRIBUTION, ETC. | |
| Place of publication, distribution, etc. | ESPAÑA : |
| Name of publisher, distributor, etc. | MAPFRE, |
| Date of publication, distribution, etc. | 2010 |
| 300 ## - PHYSICAL DESCRIPTION | |
| Extent | 208 |
| Dimensions | 17 x 2 x 23.5 |
| 490 ## - SERIES STATEMENT | |
| Series statement | CUADERNOS DE LA FUNDACION |
| 520 ## - SUMMARY, ETC. | |
| Summary, etc. | FUNDACION MAPFRE DESARROLLA ACTIVIDADES DE INTERES GENERAL PARA LA SOCIEDAD EN DISTINTOS AMBITOS PROFESIONALES Y CULTURALES , ASI COMO ACCIONES DESTINADAS A LA MEJORA DE LAS CONDICIONES ECONOMICAS Y SOCIALES DE LAS PERSONAS Y SECTORES MENOS FAVORECIDOS DE LA SOCIEDAD. EN ESTE TRABAJO SE PRETENDE MOSTRAR EL INTERES QUE CADA CAPITULO COMPLEMENTA, CONSTITUYENDOSE POR EL MAPA DEL SISTEMA DE SALUD, PERMITIENDO ASI, COMPRENDER EN CADA PAIS LOS ACTORES, FUENTES DE FINANCIACION Y BENEFIC |
| 650 14 - SUBJECT ADDED ENTRY--TOPICAL TERM | |
| Topical term or geographic name entry element | SEGUROS |
| General subdivision | AMERICA LATINA |
| -- | SEGUROS |
| -- | FINANCIAMIENTO |
| -- | AMERICA LATINA |
| 700 1# - ADDED ENTRY--PERSONAL NAME | |
| Personal name | VILLAR, MANUELA -AVILA, ADRIANA |
| Relator term | coaut. |
| Withdrawn status | Lost status | Source of classification or shelving scheme | Damaged status | Not for loan | Collection code | Home library | Current library | Shelving location | Date acquired | Source of acquisition | Inventory number | Total Checkouts | Full call number | Barcode | Date last seen | Date last checked out | Price effective from | Koha item type |
|---|---|---|---|---|---|---|---|---|---|---|---|---|---|---|---|---|---|---|
| Dewey Decimal Classification | General | Biblioteca Karol Wojtyla | Biblioteca Karol Wojtyla | Sala general | 03/12/2013 | Compra | 151000000000000000047627 | 368 CUA | 87843 | 05/01/2026 | 24/08/2015 | 03/12/2013 | Libro |